Thực trạng và giải pháp phát triển nguồn nhân lực du lịch Hà Tĩnh
Cơ sở lý luận chung về nhân lực du lịch. Thực trạng nguồn nhân lực du lịch Hà Tĩnh. Giải pháp phát triển nguồn nhân lực du lịch Hà Tĩnh
Đã lưu trong:
| Príomhúdar: | |
|---|---|
| Údair Eile: | |
| Formáid: | Leabhar |
| Foilsithe: |
Đà Nẵng
Đại học Sư phạm, Đại học Đà Nẵng
2012
|
| Ábhair: | |
| Clibeanna: |
Cuir Clib Leis
Gan Chlibeanna, Bí ar an gcéad duine leis an taifead seo a chlibeáil!
|
| Thư viện lưu trữ: | Mạng thư viện Đại học Đà Nẵng |
|---|
| LEADER | 01669nam a2200337 4500 | ||
|---|---|---|---|
| 001 | 000017216 | ||
| 003 | 13631 | ||
| 005 | 20130320150306.0 | ||
| 008 | 130320s2012 sd | ||
| 082 | |a 910.68 |b ĐÂ-T | ||
| 100 | 1 | |a Đậu Thị Thu Trang | |
| 245 | |a Thực trạng và giải pháp phát triển nguồn nhân lực du lịch Hà Tĩnh |c Đậu Thị Thu Trang ; Lưu Trang hướng dẫn |k Khóa luận tốt nghiệp | ||
| 260 | |a Đà Nẵng |b Đại học Sư phạm, Đại học Đà Nẵng |c 2012 | ||
| 300 | |a 68 tr. |b Hình mh. |c 29 cm. |e Tài liệu tóm tắt | ||
| 500 | |a Khóa luận tốt nghiệp đại học. Chuyên ngành: Văn hóa - Du lịch | ||
| 504 | |a Mục lục đầu trang, tài liệu tham khảo tr. 73 - 74, phụ lục [13 tr.] | ||
| 520 | |a Cơ sở lý luận chung về nhân lực du lịch. Thực trạng nguồn nhân lực du lịch Hà Tĩnh. Giải pháp phát triển nguồn nhân lực du lịch Hà Tĩnh | ||
| 600 | 1 | 4 | |b Vua |c Đinh Tiên Hoàng |
| 650 | 0 | 4 | |a Du lịch |v Khóa luận tốt nghiệp |x Nhân lực |z Hà Tĩnh |
| 653 | |a Khoa Lịch sử |a Nhân lực du lịch | ||
| 700 | |a Lưu Trang |c PGS.TS |e Hướng dẫn | ||
| OWN | |a LSP | ||
| AVA | |a UDN50 |b LSP |d 910.68 ĐÂ-T |e available |t Error 5001 Not defined in file expand_doc_bib_avail. |f 1 |g 0 |h N |i 0 |k 1 | ||
| 999 | |a From the UDN01 | ||
| AVA | |a UDN50 |b LSP |d 910.68 ĐÂ-T |e available |t Error 5001 Not defined in file expand_doc_bib_avail. |f 1 |g 0 |h N |i 0 |k 1 | ||
| TYP | |a Monograph | ||
| TYP | |a Printed language | ||
| 980 | |a Mạng thư viện Đại học Đà Nẵng | ||